[Event "Harrachov op-A"]
[Site "Harrachov"]
[Date "2009.10.27"]
[Round "5"]
[White "Ulrich, David"]
[Black "Binder, Jan"]
[Result "1-0"]
[WhiteElo "1921"]
[BlackElo "1752"]
[PlyCount "37"]
[EventDate "2009.10.24"]
[EventType "swiss"]
[EventRounds "9"]
[EventCountry "CZE"]
[SourceTitle "EXT 2012"]
[Source "ChessBase"]
[SourceDate "2011.11.24"]
[SourceVersion "1"]
[SourceVersionDate "2011.11.24"]
[SourceQuality "1"]

1. e4 e6 2. c4 d5 3. e5 c5 4. Nf3 Nc6 5. cxd5 exd5 6. Be2 g6 7. d4 cxd4 8. Nxd4 Bg7 9. 0-0 Nge7 10. Nxc6 Nxc6 11. f4 0-0 12. Nc3 Be6 13. Kh1 a6 14. Bf3 d4 15. Ne4 Rb8 16. b3 Qb6 17. Ba3 Rfd8 18. Bc5 Qb5 19. a4 1-0

[Event "Harrachov op-A"]
[Site "Harrachov"]
[Date "2009.10.24"]
[Round "1"]
[White "Valenta, Petr"]
[Black "Binder, Jan"]
[Result "1-0"]
[WhiteElo "1957"]
[BlackElo "1752"]
[PlyCount "51"]
[EventDate "2009.10.24"]
[EventType "swiss"]
[EventRounds "9"]
[EventCountry "CZE"]
[SourceTitle "EXT 2012"]
[Source "ChessBase"]
[SourceDate "2011.11.24"]
[SourceVersion "1"]
[SourceVersionDate "2011.11.24"]
[SourceQuality "1"]

1. c4 c6 2. d4 d5 3. Nc3 Nf6 4. Bf4 Bf5 5. e3 e6 6. cxd5 exd5 7. Bd3 Bxd3 8. Qxd3 Bd6 9. Nge2 0-0 10. 0-0 Bxf4 11. Nxf4 Nbd7 12. f3 Qe7 13. Rae1 Qd6 14. Re2 Rae8 15. Qd2 Nb6 16. b3 Re7 17. e4 dxe4 18. Nxe4 Nxe4 19. fxe4 Qd7 20. Rf3 Rd8 21. Rd3 Rde8 22. Nh5 Re6 23. Qf4 Nd5 24. Qg4 g6 25. exd5 Qxd5 26. Nf6+ 1-0

[Event "CZE-ch Juniors op-A"]
[Site "Kouty nad Desnou"]
[Date "2009.03.13"]
[Round "8"]
[White "Binder, Jan"]
[Black "Prazak, Pavel"]
[Result "1/2-1/2"]
[WhiteElo "1722"]
[BlackElo "1910"]
[PlyCount "21"]
[EventDate "2009.03.07"]
[EventType "swiss"]
[EventRounds "9"]
[EventCountry "CZE"]
[SourceTitle "EXT 2011"]
[Source "ChessBase"]
[SourceDate "2010.11.26"]
[SourceVersion "1"]
[SourceVersionDate "2010.11.26"]
[SourceQuality "1"]

1. e4 e5 2. Nf3 Nc6 3. d4 exd4 4. Nxd4 Bc5 5. Nb3 Bb6 6. a4 Qf6 7. Qe2 a5 8. Nc3 Nge7 9. h4 h5 10. Be3 Nd4 11. Nxd4 1/2-1/2

[Event "CZE-ch Juniors op-A"]
[Site "Kouty nad Desnou"]
[Date "2009.03.10"]
[Round "5"]
[White "Milfort, Vaclav"]
[Black "Binder, Jan"]
[Result "0-1"]
[WhiteElo "1733"]
[BlackElo "1722"]
[PlyCount "80"]
[EventDate "2009.03.07"]
[EventType "swiss"]
[EventRounds "9"]
[EventCountry "CZE"]
[SourceTitle "EXT 2011"]
[Source "ChessBase"]
[SourceDate "2010.11.26"]
[SourceVersion "1"]
[SourceVersionDate "2010.11.26"]
[SourceQuality "1"]

1. d4 d5 2. Nf3 Nf6 3. c4 c6 4. e3 e6 5. Nc3 Nbd7 6. Be2 dxc4 7. Bxc4 b5 8. Bd3 Bb7 9. 0-0 a6 10. Bd2 c5 11. Rc1 c4 12. Be2 Be7 13. h3 0-0 14. Qc2 Nd5 15. Nxd5 exd5 16. a3 a5 17. Ra1 Qb6 18. b3 Rfc8 19. bxc4 dxc4 20. Rfb1 Qc6 21. Qf5 Ba6 22. Bxa5 g6 23. Qc2 Nf6 24. Bb4 Bxb4 25. axb4 Bb7 26. Ra5 Rxa5 27. bxa5 Ba6 28. Nd2 Qc7 29. Ra1 b4 30. Ra4 b3 31. Qb1 Qc6 32. Rb4 c3 33. Rb6 c2 34. Rxc6 cxb1Q+ 35. Nxb1 Rxc6 36. Bxa6 Rxa6 37. Kf1 Rxa5 38. Ke2 Ra1 39. Nc3 b2 40. g3 Ne4 0-1

[Event "CZE-ch Juniors op-A"]
[Site "Kouty nad Desnou"]
[Date "2009.03.09"]
[Round "3"]
[White "Vojir, Vaclav Jr"]
[Black "Binder, Jan"]
[Result "1/2-1/2"]
[WhiteElo "1813"]
[BlackElo "1722"]
[PlyCount "103"]
[EventDate "2009.03.07"]
[EventType "swiss"]
[EventRounds "9"]
[EventCountry "CZE"]
[SourceTitle "EXT 2011"]
[Source "ChessBase"]
[SourceDate "2010.11.26"]
[SourceVersion "1"]
[SourceVersionDate "2010.11.26"]
[SourceQuality "1"]

1. d4 d5 2. Nf3 Nf6 3. g3 c6 4. Bg2 Bf5 5. 0-0 e6 6. b3 Nbd7 7. Bb2 Bd6 8. c4 0-0 9. Nc3 h6 10. e3 e5 11. cxd5 e4 12. Ne5 cxd5 13. Nb5 Bb8 14. Ba3 Re8 15. Bd6 a6 16. Nxd7 Bxd7 17. Bc7 Bxc7 18. Nxc7 Qxc7 19. Rc1 Qb6 20. Qd2 Rac8 21. Rxc8 Rxc8 22. Rc1 Rxc1+ 23. Qxc1 Qc6 24. Qd2 Ne8 25. a4 Nd6 26. f4 b5 27. a5 Qc7 28. Bf1 Nb7 29. b4 Nd6 30. Kf2 Nc4 31. Qc3 Qc8 32. Be2 Be8 33. Qc1 Qh3 34. Qg1 Nd2 35. Qg2 Qxg2+ 36. Kxg2 Nc4 37. Kf2 Kf8 38. Bd1 Ke7 39. h4 Kd6 40. Bc2 Bd7 41. Bd1 f6 42. Bh5 g5 43. hxg5 fxg5 44. fxg5 hxg5 45. Be2 Nxa5 46. bxa5 Kc7 47. Ke1 Kb7 48. Kd2 b4 49. Kc2 Bb5 50. Bg4 Bc4 51. Bd7 Kc7 52. Be8 1/2-1/2

[Event "Sec Svetla op"]
[Site "Sec u Chrudimi"]
[Date "2008.10.31"]
[Round "8"]
[White "Binder, Jan"]
[Black "Cesanek, Jaroslav"]
[Result "0-1"]
[WhiteElo "1739"]
[BlackElo "1750"]
[PlyCount "32"]
[EventDate "2008.10.25"]
[EventType "swiss"]
[EventRounds "9"]
[EventCountry "CZE"]
[SourceTitle "EXT 2023"]
[Source "ChessBase"]
[SourceDate "2022.10.05"]
[SourceVersion "1"]
[SourceVersionDate "2022.10.05"]
[SourceQuality "1"]

1. e4 e6 2. d4 d5 3. e5 c5 4. c3 Nc6 5. Nf3 Qb6 6. Be2 Bd7 7. 0-0 Nge7 8. dxc5 Qxc5 9. Be3 Qa5 10. Nbd2 Qc7 11. Bb5 Nxe5 12. Bxd7+ Nxd7 13. Qa4 a6 14. Bf4 Qc6 15. Qc2 Ng6 16. Bg3 Bd6 0-1

[Event "Sec Svetla op"]
[Site "Sec u Chrudimi"]
[Date "2008.10.26"]
[Round "2"]
[White "Binder, Jan"]
[Black "Havelka, Petr"]
[Result "1/2-1/2"]
[WhiteElo "1739"]
[BlackElo "1934"]
[PlyCount "43"]
[EventDate "2008.10.25"]
[EventType "swiss"]
[EventRounds "9"]
[EventCountry "CZE"]
[SourceTitle "EXT 2023"]
[Source "ChessBase"]
[SourceDate "2022.10.05"]
[SourceVersion "1"]
[SourceVersionDate "2022.10.05"]
[SourceQuality "1"]

1. e4 d5 2. exd5 Qxd5 3. Nc3 Qa5 4. d4 Nf6 5. Bd2 c6 6. Bc4 Bf5 7. Nd5 Qd8 8. Nxf6+ exf6 9. Nf3 Bd6 10. Qe2+ Qe7 11. Qxe7+ Bxe7 12. c3 Nd7 13. 0-0 Nb6 14. Bb3 0-0 15. Rfe1 Rfe8 16. Re3 Bd6 17. Rxe8+ Rxe8 18. Re1 Rxe1+ 19. Nxe1 Be6 20. Nd3 Kf8 21. Bf4 Bxf4 22. Nxf4 1/2-1/2